| 000 | 00611cam a2200205 4500500 | ||
|---|---|---|---|
| 005 | 20260405002824.0 | ||
| 041 | _afre | ||
| 042 | _adc | ||
| 100 | 1 | 0 |
_aLevine, Emmanuel _eauthor |
| 245 | 0 | 0 | _aPeut-on mettre les meilleurs au pouvoir ? |
| 260 | _c2018. | ||
| 500 | _a64 | ||
| 690 | _aÉlites | ||
| 690 | _aJacques Rancière | ||
| 690 | _aMeilleurs | ||
| 690 | _aMichel Onfray | ||
| 690 | _aPeuple | ||
| 786 | 0 | _nPhilosophie magazine | 124 | 11 | 2018-11-01 | p. 29-30 | 1951-1787 | |
| 856 | 4 | 1 | _uhttps://shs.cairn.info/magazine-philosophie-magazine-2018-11-page-29?lang=fr&redirect-ssocas=7080 |
| 999 |
_c2061474 _d2061474 |
||